| 000 | 00609nam a2200133Ia 4500 | ||
|---|---|---|---|
| 008 | 171207s9999 xx 000 0 und d | ||
| 100 | _aHinkle, Michelle S. | ||
| 245 | _aCreativity in Teaching Case Conceptualization Skills: Role-play to Show the Interconnectedness of Domains | ||
| 245 | _cMichelle S. Hinkle & LaShauna M. Dean | ||
| 260 | _c2017 | ||
| 300 | _apages 388-401, July-September 2017 | ||
| 440 |
_aJournal of Creativity in Mental Health _v12:3 |
||
| 650 | _aCase conceptualization, counselor education, creative teaching, creativity, creativity in counseling, experiential activities, role-play | ||
| 999 |
_c347701 _d347701 |
||